Please Don't Leave Quite Yet LYRICS - Adam Agin Quiz Stats

 Plays Quiz not verified by Sporcle

Score 0/130 Timer 08:00
0 Plays Today
Lyrics % Correct
I
84.9%
I
84.9%
I
84.9%
a
74%
don't
74%
don't
74%
don't
74%
don't
74%
don't
74%
don't
74%
don't
74%
Don't
74%
don't
74%
Don't
74%
Don't
74%
don't
74%
please
71.2%
leave
71.2%
please
71.2%
leave
71.2%
please
71.2%
leave
71.2%
leave
71.2%
Please
71.2%
leave
71.2%
leave
71.2%
leave
71.2%
Please
71.2%
leave
71.2%
yet
65.8%
yet
65.8%
yet
65.8%
yet
65.8%
yet
65.8%
you
63%
you
63%
you
63%
quite
63%
quite
63%
quite
63%
quite
63%
quite
63%
the
56.2%
the
56.2%
Lyrics % Correct
the
56.2%
the
56.2%
the
56.2%
the
56.2%
and
54.8%
And
54.8%
And,
54.8%
it
52.1%
it
52.1%
it
52.1%
to
46.6%
to
46.6%
So
46.6%
So
46.6%
No
45.2%
No
45.2%
oh,
45.2%
Oh
45.2%
go
43.8%
my
41.1%
us
41.1%
us
41.1%
us
41.1%
us
41.1%
us
41.1%
us
41.1%
want
38.4%
just
35.6%
let
35.6%
let
35.6%
by
35.6%
let
35.6%
let
35.6%
I'll
35.6%
with
34.2%
But
34.2%
we'll
34.2%
But
34.2%
better
34.2%
make
34.2%
better
34.2%
bed
32.9%
get
32.9%
Underneath
31.5%
Lyrics % Correct
there's
31.5%
raincoat
31.5%
down
31.5%
honey,
31.5%
down
31.5%
down
31.5%
honey,
31.5%
down
31.5%
down
31.5%
down
31.5%
down
31.5%
swear
31.5%
work
31.5%
Packed
30.1%
look
30.1%
run
30.1%
run
30.1%
run
30.1%
run
30.1%
run
30.1%
storm
28.8%
slow
28.8%
storm
28.8%
slow
28.8%
slow
28.8%
sound
28.8%
makes
28.8%
irritates
28.8%
next
28.8%
replace
28.8%
books,
27.4%
It'll
27.4%
furnace
27.4%
promise
27.4%
spring
27.4%
out
27.4%
It'll
27.4%
It'll
27.4%
It'll
27.4%
scarves
24.7%
wind
23.3%
wind
23.3%

You're not logged in!

Compare scores with friends on all Sporcle quizzes.
OR
Log In

Sporcle TV

Today on Sporcle TV


Watch our educational content, quiz creation guides, and fun videos on Sporcle TV.

Show Comments

Extras

Top Quizzes Today


Score Distribution

Your Account Isn't Verified!

In order to create a playlist on Sporcle, you need to verify the email address you used during registration. Go to your Sporcle Settings to finish the process.

Report this User

Report this user for behavior that violates our Community Guidelines.

Details: